Central Library OPAC University of Rajshahi

نقش و نگار / Naqsh o nigār / (Record no. 85736)

MARC details
000 -LEADER
fixed length control field 00636nam a22001937a 4500
001 - CONTROL NUMBER
control field 85736
003 - CONTROL NUMBER IDENTIFIER
rucl marc code BD-RjUL
005 - DATE AND TIME OF LATEST TRANSACTION
control field 20250918094934.0
008 - FIXED-LENGTH DATA ELEMENTS--GENERAL INFORMATION
fixed length control field 250918s1943 pk ||||| |||| 00| p eng d
035 ## - SYSTEM CONTROL NUMBER
System control number (BD-RjUL)85736
040 ## - CATALOGING SOURCE
Original cataloging agency BD-RjUL
Language of cataloging eng
Transcribing agency BD-RjUL
041 ## - LANGUAGE CODE
Language code of text/sound track or separate title urd
082 ## - DEWEY DECIMAL CLASSIFICATION NUMBER
Edition number 23
Classification number 891.4391
Author mark and year MAN 1943
100 ## - MAIN ENTRY--PERSONAL NAME
Personal name ‏(مليح‌آبادى)., ‏جوش ‏ Malīḥābādī)., Josh
Dates associated with a name 1898-1982
9 (RLIN) 16931
245 ## - TITLE STATEMENT
Title نقش و نگار / Naqsh o nigār /
Statement of responsibility, etc. ‏ ‏جوش مليح‌آبادى،‏ , / Josh (Malīḥābādī).
260 ## - PUBLICATION, DISTRIBUTION, ETC. (IMPRINT)
Place of publication, distribution, etc. Lahore :
Name of publisher, distributor, etc. maktuba i urdu ,
Date of publication, distribution, etc. 1943
300 ## - PHYSICAL DESCRIPTION
Pagination 175 p. ;
Size 17 cm
942 ## - ADDED ENTRY ELEMENTS (KOHA)
Source of classification or shelving scheme Dewey Decimal Classification
Koha item type Books
Holdings
Lost status Source of classification or shelving scheme Damaged status Not for loan Collection code Permanent Location Current Location Shelving location Date acquired Total Checkouts Full call number Date last seen Copy number Koha item type
  Dewey Decimal Classification   Not For Loan Non-fiction Central Library, University of Rajshahi Central Library, University of Rajshahi Reading Room 18/09/2025   U 891.4391 MAN 1943 18/09/2025 C-1 Books